Dynamic equations on time scales : (Record no. 29155)

000 -LEADER
fixed length control field 00599 a2200169 4500
020 ## - INTERNATIONAL STANDARD BOOK NUMBER
International Standard Book Number 0817642250
020 ## - INTERNATIONAL STANDARD BOOK NUMBER
International Standard Book Number 9780817642259
082 04 - DEWEY DECIMAL CLASSIFICATION NUMBER
Classification number 515.35
090 ## - LOCALLY ASSIGNED LC-TYPE CALL NUMBER (OCLC); LOCAL CALL NUMBER (RLIN)
-- 525
-- 525
100 1# - MAIN ENTRY--PERSONAL NAME
Personal name Bohner, Martin.
245 10 - TITLE STATEMENT
Title Dynamic equations on time scales :
Remainder of title an introduction with applications /
Statement of responsibility, etc. Martin Bohner, Allan Peterson.
260 ## - PUBLICATION, DISTRIBUTION, ETC.
Place of publication, distribution, etc. [S.l.] :
Name of publisher, distributor, etc. Birkhauser Boston,
Date of publication, distribution, etc. 2001.
300 ## - PHYSICAL DESCRIPTION
Extent 368 p. ;
Dimensions 27 cm.
700 1# - ADDED ENTRY--PERSONAL NAME
Personal name Peterson, Allan.
942 ## - ADDED ENTRY ELEMENTS (KOHA)
Institution code [OBSOLETE] SNS
Koha item type Book
Call number prefix 515.35 BOH
Holdings
Withdrawn status Lost status Damaged status Not for loan Permanent Location Current Location Date acquired Total Checkouts Total Renewals Full call number Barcode Date last seen Date last checked out Price effective from Koha item type
        School of Natural Sciences (SNS) School of Natural Sciences (SNS) 05/26/2016 1 3 515.35 BOH SNS0000466 02/01/2022 03/02/2021 05/26/2016 Book
© 2023 Central Library, National University of Sciences and Technology. All Rights Reserved.